Responses for show #4631 - Monday, October 25, 2004

Ken Jennings game 59.

Ken breaks the $2 million mark.

Contestants

[<< previous game]

Nathan Gordon, a bar manager from New Orleans, Louisiana

Jennifer Harriss, a community counselor from Minneapolis, Minnesota

Ken Jennings, a software engineer from Salt Lake City, Utah (whose 58-day cash winnings total $1,976,300)

[next game >>]

Jeopardy! Round responses

THE MOST POPULOUS NATION
(Alex: ...from the list we will give you.)
SPORTS TERMS
GARDENS
SHIPS
EMILY POST-ER CHILD
SEARCH: LIGHT
(Alex: And the correct responses will appear in the puzzles we will show you on screen.)
    $200 6
Nigeria

Ken
    $200 16
runs batted in

Jennifer
    $200 17
the Hanging Gardens of Babylon

Ken
    $200 1
the Beagle

Ken
    $200 11
napkins

Nathan
    $200 23
solar

Ken
    $400 7
Mexico

Nathan
    $400 18
(Ken: What are linebackers?)

cornerbacks

KenNathan
    $400 22
the Rose Garden

Ken
    $400 2
Magellan

Ken
    $400 12
please & thank you

Nathan
    $400 24
laser

Ken
    $600 8
the Netherlands

Ken
    $600 19
80

Jennifer
    $600 28
victory gardens

Ken
    $600 3
Henry VIII

Ken
    $600 13
no

Nathan
    $600 25
heat

Ken
    $800 9
South Africa

Nathan
    $800 20
forward

Ken
    $800 29
(Jennifer: What is the Imperial Garden?)

the Japanese Tea Garden (in San Francisco)

Jennifer
Triple Stumper
    $800 4
the Bounty

Ken
    $800 14
an emergency

Jennifer
    $800 26
wave

Ken
    $1000 10
(Nathan: What is Haiti?)
(Jennifer: What is the Bahamas?)

the Dominican Republic

KenJenniferNathan
    $1000 21
hockey

Jennifer
    $1000 30
a botanical garden

Nathan
    $2,000 5
the Bismarck

Ken
    $1000 15
Master

Nathan
    $1000 27
mass

Ken

Scores at the first commercial break (after clue 15):

Ken Jennifer Nathan
$5,800 -$200 $2,400

Scores at the end of the Jeopardy! Round:

Ken Jennifer Nathan
$10,400 $800 $3,800

Double Jeopardy! Round responses

LAW REVIEW
OLD SONGS
HOPE YOU'RE WELL READ...
CROSSWORD CLUES "C"
HURRY UP!!!
WHAT'S THE RUSHMORE?
    $400 21
a paralegal

Nathan
    $400 30
Woody Guthrie

Ken
    $400 6
The Call of the Wild

Ken
    $400 1
can-can

Ken
    $400 16
a trial

Nathan
    $400 11
South Dakota

Ken
    $800 22
Harvard

Nathan
    $800 29
"The Man I Love"

Triple Stumper
    $800 7
Coleridge

Ken
    $800 2
Cubism

Ken
    $800 17
Top Gun

Nathan
    $800 12
the Black Hills

Nathan
    $1200 23
the ABA (American Bar Association)

Ken
    $1200 26
"Smoke Gets In Your Eyes"

Ken
    $1200 8
Brewster Place

Jennifer
    $1200 3
carbon copy

Ken
    $1200 18
a train

Ken
    $2,500 13
Lincoln & Jefferson

Nathan
    $1600 24
nolo contendere

Ken
    $1600 27
(Alex: You guys don't remember 1948. [*].)

"You Call Everybody Darlin'"

Triple Stumper
    $1600 9
Joshua

Ken
    $1600 4
crabgrass

Jennifer
    $1600 19
(Alex: Yes, but it's not 16 1/2 feet long.)

its tongue

Ken
    $1600 14
Teddy Roosevelt

Ken
    $2000 25
ex parte

Triple Stumper
    $1,600 28
(Ken: What is "Ukulele Girl"?)

"Ukulele Lady"

Ken
    $2000 10
Little Lord Fauntleroy

Ken
    $2000 5
calculus

Jennifer
    $2000 20
particle accelerators

Ken
    $2000 15
(Gutzon) Borglum

Nathan

Scores at the end of the Double Jeopardy! Round:

Ken Jennifer Nathan
$27,200 $5,600 $11,500
(lock game)

[wagering suggestions for these scores]

Final Jeopardy! Round responses

HISTORIC FIRSTS
(Alex: [To Ken] The person who died was his brother, Thorvald.)
JenniferWho was Penn?
$5,000
NathanWho was/is Columbus (Chris)
$299
KenWho is Leif Ericson?
$2,800
Leif Ericson

Final scores:

Ken Jennifer Nathan
$30,000 $600 $11,201
59-day champion: $2,006,300 3rd place: $1,000 2nd place: $2,000

Game dynamics:

Coryat scores:

Ken Jennifer Nathan
$27,800 $5,600 $10,200
33 R
(including 1 DD),
2 W
(including 1 DD)
7 R,
2 W
15 R
(including 1 DD),
1 W

Combined Coryat: $43,600

The J! Archive is created by fans, for fans. The Jeopardy! game show and all elements thereof, including but not limited to copyright and trademark thereto, are the property of Jeopardy Productions, Inc. and are protected under law. This website is not affiliated with, sponsored by, or operated by Jeopardy Productions, Inc. Join the discussion at JBoard.tv.